Primaveras de ensueño
Đã lưu trong:
| Tác giả chính: | |
|---|---|
| Định dạng: | Sách |
| Ngôn ngữ: | Undetermined |
| Được phát hành: |
Quito, Ecuador
Casa de la Cultura Económica
1961
|
| Những chủ đề: | |
| Các nhãn: |
Thêm thẻ
Không có thẻ, Là người đầu tiên thẻ bản ghi này!
|
MARC
| LEADER | 00000nam a2200000Ia 4500 | ||
|---|---|---|---|
| 008 | 170316s9999 xx 000 0 und d | ||
| 040 | |a cru BVZT | ||
| 090 | |a 860 S-37p | ||
| 100 | |a Suárez Troyo, Matilde | ||
| 245 | |a Primaveras de ensueño | ||
| 260 | |a Quito, Ecuador | ||
| 260 | |b Casa de la Cultura Económica | ||
| 260 | |c 1961 | ||
| 300 | |a 69 páginas | ||
| 650 | |a LITERATURA LATINOAMERICANA | ||
| 999 | |c 9251 |d 9251 | ||
| 942 | |c 15 D |h 860 S-37p |2 z | ||
